000 00472nam a2200181Ia 4500
001 3031
005 20260306144850.0
008 260306t2017||||xx |||||||||||||| ||spa||
041 _aESP
082 _a244
_bL51
100 _aLesniewski, Krzysztof
_eAUT
245 0 _aLas enfermedades del espíritu:
_bdiagnóstico y tratamiento en clave cristiana
260 _c2017
300 _a237 páginas :
_c21 cm.
650 _aGEN
654 _aCHU
942 _cLIB
_dJUS
_fJUS
_2ddc
_n
999 _c3031
_d3031